000 00668nmm a2200193Ia 4500
008 251105s9999||||xx |||||||||||||||||und||
020 _a9788499800158
041 _aspa
100 _aCifuentes, Luis María
245 0 _aFilosofía : investigación, innovación y buenas prácticas
264 _a[Madrid, España] :
_bMinisterio de Educación, Cultura y Deporte de España,
_c2010
300 _a184 páginas
490 _aFormación del profesorado. Educación secundaria
650 _aEducation
700 _aCifuentes, Luis María
700 1 _a Gutiérrez, José María (coords.)
856 _uhttps://public.digitaliapublishing.com/a/30252
942 _cCF
999 _c64001
_d64001